| 000 | 00491nam a2200181Ia 4500 | ||
|---|---|---|---|
| 001 | 3256 | ||
| 005 | 20260306144907.0 | ||
| 008 | 260306t2004||||xx |||||||||||||| ||spa|| | ||
| 041 | _aESP | ||
| 082 |
_a262.91 _bJ81M |
||
| 100 |
_aJuan Pablo II, Papa _eAUT |
||
| 245 | 0 |
_aMane nobiscum domine: _bcarta apostólica, sobre el año eucarístico octubre 2004 - octubre 2005 |
|
| 260 | _c2004 | ||
| 300 |
_a29 páginas : _c21 cm. |
||
| 650 | _aGEN | ||
| 654 | _aCHU | ||
| 942 |
_cLIB _dJUS _fJUS _2ddc _n |
||
| 999 |
_c3256 _d3256 |
||